Statistics for it's ok lyric quiz

Click here to take the quiz!

General Stats

  • This quiz has been taken 5 times
  • The average score is 118 of 257

Answer Stats

Answer% Correct
i
100%
it
100%
im
67%
its
67%
it's
67%
know
67%
me
67%
okay
67%
to
67%
a
33%
all
33%
alright
33%
and
33%
at
33%
back
33%
be
33%
behind
33%
burned
33%
but
33%
california
33%
call
33%
can
33%
cannonball
33%
cant
33%
change
33%
changed
33%
cry
33%
day
33%
dont
33%
drove
33%
dynamite
33%
fall
33%
guess
33%
hide
33%
hundred
33%
if
33%
in
33%
just
33%
knew
33%
lied
33%
lights
33%
little
33%
look
33%
lost
33%
matter
33%
mind
33%
moved
33%
my
33%
myself
33%
name
33%
night
33%
now
33%
of
33%
oh
33%
pages
33%
problems
33%
reckless
33%
said
33%
sometimes
33%
stay
33%
stick
33%
summer
33%
take
33%
that
33%
the
33%
them
33%
they
33%
thinking
33%
thought
33%
through
33%
tightrope
33%
time
33%
wanted
33%
was
33%
we're
33%
what
33%
when
33%
why
33%
would
33%
wrote
33%
yeah
33%
yellow
33%
you
33%
youre
33%
you're
33%

Score Distribution

Percentile by Number Answered

Percent of People with Each Score

Your Score History

You have not taken this quiz